Štrukturálne fondy a Kohézny fond pre Slovenskú republiku

Základná myšlienka štrukturálnej politiky Európske únie. Úlohy Národného rozvojového plánu. Priority operačných programov. Prioritné ciele štrukturálnych fondov a Kohézneho fondu. Európsky fond regionálneho rozvoja a Európsky sociálny fond. Odlišnosti a obmedzenia vo financovaní aktivít zo štr...

Ausführliche Beschreibung

Gespeichert in:
Bibliographische Detailangaben
1. Verfasser: Ličko, Tibor
Format: Buchkapitel
Sprache:Slowakisch
Schlagworte:
Tags: Tag hinzufügen
Keine Tags, Fügen Sie das erste Tag hinzu!

MARC

LEADER 00000naa$a2200000$$$4500
001 0003444
005 20230919121245.1
041 0 |a slo 
044 |a SK 
245 1 0 |a Štrukturálne fondy a Kohézny fond pre Slovenskú republiku  |c aut. Tibor Ličko 
520 |a Základná myšlienka štrukturálnej politiky Európske únie. Úlohy Národného rozvojového plánu. Priority operačných programov. Prioritné ciele štrukturálnych fondov a Kohézneho fondu. Európsky fond regionálneho rozvoja a Európsky sociálny fond. Odlišnosti a obmedzenia vo financovaní aktivít zo štrukturálnych fondov a Kohézneho fondu. Systém financovania zo štrukturálnych fondov a Kohézneho fondu. Praktické príklady. 
610 2 0 |a Európska únia 
610 2 0 |a fond kohézny 
610 2 0 |a Slovensko 
610 2 0 |a fondy štruktúrne 
610 2 0 |a pomoc finančná 
610 2 0 |a programy rozvojové 
100 1 |a Ličko, Tibor